Who is watching GM crops ? (Record no. 72405)

MARC details
000 -LEADER
fixed length control field 00311nam a2200133Ia 4500
100 ## - MAIN ENTRY--AUTHOR NAME
Personal name Latha Jishnu
245 #0 - TITLE STATEMENT
Title Who is watching GM crops ?
260 ## - PUBLICATION, DISTRIBUTION, ETC. (IMPRINT)
Name of publisher Down to Earth
Year of publication 2011
300 ## - PHYSICAL DESCRIPTION
Number of Pages 32-37
650 ## - SUBJECT ADDED ENTRY--TOPICAL TERM
Topical Term GM crops
700 ## - ADDED ENTRY--PERSONAL NAME
Personal name Jyotika Sood
942 ## - ADDED ENTRY ELEMENTS (KOHA)
Koha item type Journals
Holdings
Withdrawn status Lost status Damaged status Not for loan Home library Current library Shelving location Date acquired Serial Enumeration / chronology Koha item type
      Journals RRII Library RRII Library Biotechnology 04/08/2011 Volume 20, Issue 1 Journals